| 000 | 00392nam a2200157Ia 4500 | ||
|---|---|---|---|
| 008 | 160316s1935 xxu||||| |||| 00| 0 eng d | ||
| 082 |
_a320.907420 _bHAR |
||
| 100 | _aHardie Frank | ||
| 245 | _aThe political influence of Queen Victoria 1861 - 1901 | ||
| 250 | _a | ||
| 260 |
_aNew Delhi _bOxford University Press _c1935 |
||
| 300 |
_a258p. _b _c |
||
| 365 | _b | ||
| 650 | _a | ||
| 700 |
_a _a |
||
| 999 |
_c7123 _d7123 |
||